000 00747nam a2200253Ia 4500
003 OSt
005 20231006154319.0
008 210716s2000 xx 000 0 und d
020 _a8178740230
040 _cAIMIT LIBRARY
041 _aeng
082 _a374.22
_21
_bBRAA
100 _aBragdon, Allen D.
_9136510
245 _aBrains :
_bthat work a little bit differently /
_cBy Allen D Bragdon and David Gamon.
250 _a1st ed.
260 _aChennai :
_bEswar Press ,
_c2000.
300 _a125p. ;
_bPB
_c21 cm
650 _aGeneral Management
_9136511
651 _aHandedness
_9136512
651 _aPerfect pitch
_9136513
651 _aSynesthesia
_9136514
700 _aGamon, David.
_9136515
942 _2ddc
_cBK
_e1st
_k374.22 BRAA
999 _c199186
_d199186